00658nam a22001937a 45000050016000000100013000160200022000290350013000510370010000640820010000741000026000842450046001102600051001562700062002073000029002699420024002989990017003229520125003392011090600450.0 aG-001342 c75.00a8178960702 aG-001342 bGift  a003.2 aKolstoe, John 935382 aRoadmaps to the future /cby John Kolstoe aNew Delhi bRoyal Falcon Books c2009(repr.).  aF-3/6, Lkhla Industrial Area, Phase-IbNew Delhi e110020 axiii, 107p. c23cm(pbk)  2ddccENh003.2mKOL c56380d56380 001040708NFICaJPbJPd2011-09-06egiftg75.00l0o003.2 KOLpG-001342r2011-09-06 00:00:00t1v75.00w2011-09-06yEN